• 首页
  • 本馆介绍
  • 公告通知
  • 最新文献
  • 馆藏检索
  • 电子资源
  • 读者导购
  • 参考咨询
  • 我的图书馆
  • 登录
  • 详细信息显示
  • 放入我的书架
  • 预约/预借图书
  • 作者相关作品
  • 分类相关作品
  • 丛书相关作品
  • 出版社相关作品

书目信息

  • 表格格式
  • 工作单格式
  • 卡片格式
题名:
宫廷秘闻
    
 
作者: 格莱斯 著 ;潘丽珍 , 江浚波 译
分册:  
出版信息: 南京   江苏人民出版社  1987
页数: 424页
开本: 19cm
丛书名:
单 册:
中图分类: I565.45
科图分类:
主题词: 长篇小说--法国--现代
电子资源:
ISBN: 10100.888.
000 00724nam0 2200253 450
001 0187021438
005 20100712222226.0
010    @a10100.888.@dCNY2.40
091    @a10100.888.
100    @a19971225d1987 em y0chiy0110 ea
101 1  @achi@cfre
102    @aCN@b320000
105    @ay z 000ay
106    @ar
200 1  @a宫廷秘闻@9Gong Ting Mi;Bi Wen @f(法)格莱斯著@g潘丽珍,江浚波译
210    @a南京@c江苏人民出版社@d1987
215    @a424页@d19cm
606 0  @a长篇小说@y法国@z现代
690    @aI565.45@v3
701  1 @a格莱斯@9ge lai si@4著
702  0 @a潘丽珍@9pan li zhen@c(女,@f1943~)@4译
702  0 @a江浚波@9jiang jun bo@4译
801  0 @aCN@bAzMarc@c20130904
905    @aBZT@dI565.45@e1@f1@sI565.45/1
    
    宫廷秘闻/(法)格莱斯著/潘丽珍,江浚波译.-南京:江苏人民出版社,1987
    424页;19cm
    
    
    ISBN 10100.888.:CNY2.40
    
●
相关链接 在五车中查询图书 在当当中查询图书 在豆瓣中查询图书


正题名:宫廷秘闻     索取号:I565.45/1         预约/预借

序号 登录号 条形码 馆藏地/架位号 状态 备注
1 2000118377   2000118377   旧书回溯/ [索取号:I565.45/1] 在馆    
山东省滨州职业学院图书馆 欢迎您!
大连网信软件有限公司© 版权所有